[Event "34th Olympiad"]
[Site "Istanbul TUR"]
[Date "2000.11.02"]
[Round "6"]
[White "Gulko,B"]
[Black "Markowski,T"]
[Result "1/2-1/2"]
[WhiteElo "2643"]
[BlackElo "2568"]

1.d4 d5 2.c4 dxc4 3.e4 Nf6 4.e5 Nd5 5.Bxc4 Nb6 6.Bb3 Nc6 7.Ne2 Bf5 8.Nbc3 e6
9.O-O Be7 10.a3 Qd7 11.Be3 O-O 12.Ba2 Rfd8 13.b4 Bf8 14.h3 Bg6 15.Re1 Qe8
16.Qc1 Rd7 17.Qb2 Rad8 18.Rad1 Kh8 19.Rd2 Qe7 20.Kh2 a5 21.b5 Nb8 22.a4 Qb4
23.Bb3 c5 24.dxc5 Nc6 25.Qa2 Qa3 26.Red1 Qxa2 27.Nxa2 Nb4 28.Nf4 Bf5 29.g4 Be4
30.Nc3 Bf3 31.Rc1 Bc6 32.Kg3 Na6 33.Nd3 Nb4 34.Nf4 Be7 35.h4 Na6 36.Nd3 Nc7
37.Nf4 Bxc5 38.Ra2 Be7 39.Rb1 Bb4 40.Rc1 Be7 41.Rb1 Bb4 42.Rc1 Be7  1/2-1/2

[Event "34th Olympiad"]
[Site "Istanbul TUR"]
[Date "2000.11.02"]
[Round "6"]
[White "Zaja,I"]
[Black "Ganguly,S"]
[Result "1/2-1/2"]
[WhiteElo "2513"]
[BlackElo "2498"]

1.d4 d5 2.c4 dxc4 3.e4 Nf6 4.e5 Nd5 5.Bxc4 Nb6 6.Bd3 Nc6 7.Be3 Nb4 8.Be4 f5
9.exf6 exf6 10.Nc3 f5 11.Bf3 c6 12.Nh3 Be6 13.O-O Bd6 14.Re1 O-O 15.Ng5 Bc4
16.b3 Bf7 17.Nxf7 Rxf7 18.a3 N4d5 19.Nxd5 Nxd5 20.Bxd5 cxd5 21.Qf3 Qh4 22.g3 Qe4
23.Qd1 Qg4 24.Qxg4 fxg4 25.a4 Rc7 26.Rac1 Kf7 27.Rxc7+ Bxc7 28.Kf1 Kf6 29.Ke2 Kf5
30.Kd3 Bd6 31.Rc1 Re8 32.Rc2 Ke6 33.Rc1 Rf8 34.h3 gxh3 35.Rh1 h6 36.Rxh3 Rc8
37.Rh5 Rf8 38.Rh3 Rf5 39.g4 Rf6 40.f3 Rf8 41.Bd2 a6 42.Ke2 b5 43.axb5 axb5
44.Rh5 Rf7  1/2-1/2

[Event "Chigorin Mem"]
[Site "St Petersburg RUS"]
[Date "2000.11.02"]
[Round "3"]
[White "Taranenko,O"]
[Black "Praslov,A"]
[Result "0-1"]
[WhiteElo "2195"]
[BlackElo "2375"]

1.d4 d5 2.c4 dxc4 3.e4 c5 4.d5 e6 5.Nc3 a6 6.a4 Nf6 7.Nf3 Nxe4 8.Nxe4 exd5
9.Ned2 Nc6 10.Be2 Be7 11.O-O O-O 12.Re1 Bf6 13.Nf1 Be6 14.Ng3 g6 15.Bh6 Re8
16.Qd2 Nd4 17.Qf4 Nxf3+ 18.Bxf3 Bxb2 19.Rab1 Qf6 20.Rxb2 Qxb2 21.Bg5 Qd4
22.Ne4 dxe4 23.Bf6 Qxf6 24.Qxf6 exf3 25.h4 h5 26.Qxf3 Bf5 27.Ra1 Be4 28.Qa3 b5
29.Qxc5 Rac8 30.Qb4 c3 31.axb5 c2 32.Rc1 axb5 33.Qxb5 Red8 34.Qe2 Bd3 35.Qe7 Bf5
36.Qe2 Rd4 37.g3 Rb4 38.Kh2 Rb1 39.Qe3 Rxc1 40.Qxc1 Rb8 41.Qe3 Be4 42.g4 Rb1
43.Qxe4 c1=Q 44.Qe8+ Kg7 45.Qe5+ Kh7  0-1

[Event "34th Olympiad"]
[Site "Istanbul TUR"]
[Date "2000.11.04"]
[Round "7"]
[White "Van Wely,L"]
[Black "Azmaiparashvili,Z"]
[Result "1-0"]
[WhiteElo "2643"]
[BlackElo "2673"]

1.d4 d5 2.c4 dxc4 3.e4 c5 4.d5 Nf6 5.Nc3 b5 6.Bf4 Qa5 7.Bd2 b4 8.e5 Ng4 9.e6 Nf6
10.Bxc4 fxe6 11.dxe6 Bb7 12.Nd5 Nc6 13.Bxb4 Qd8 14.Bxc5 Nxd5 15.Qxd5 Qxd5
16.Bxd5 O-O-O 17.Be4 Ne5 18.Bxb7+ Kxb7 19.Ke2 Rd5 20.b4 g5 21.Nf3 Nd3 22.Rhd1 Bg7
23.Rab1 Rhd8 24.Rxd3 Rxd3 25.Bxe7 R8d5 26.Bxg5 Kc7 27.Be3 Kd6 28.a4 Ra3 29.Bxa7 Rxa4
30.Be3 Bf6 31.b5 Ra2+ 32.Kf1 Ra5 33.b6 Rab5 34.Rc1 Kxe6 35.g4 Rb4 36.Rc8 Rd8
37.Rc7 Rd7 38.Rc6+ Rd6 39.Rc1 Rd5 40.h4 Bd8 41.Nd4+ Rdxd4 42.Bxd4 Rxd4 43.b7 Rb4
44.Rc8 Rxb7 45.Rxd8 h5 46.g5 Rb4 47.Rf8 Rxh4 48.f3 Ke7 49.Rf5 Ra4 50.Kg2 Ra1
51.Rf6 Ra2+ 52.Kg3 Ra1 53.Rh6 Kf7 54.f4 Rh1 55.Kg2 Rh4 56.Kf3 Kg7 57.Ke4 Rh1
58.Kf5 Rh4 59.Ra6 Rg4 60.Ra7+ Kf8 61.Rh7 Rh4 62.g6 Kg8 63.Ke5 Rg4 64.f5 h4
65.Kf6 Ra4 66.Kg5  1-0

[Event "Chigorin Mem"]
[Site "St Petersburg RUS"]
[Date "2000.11.04"]
[Round "4"]
[White "Ustinov,M"]
[Black "Gubernatorov,S"]
[Result "0-1"]
[WhiteElo "2172"]
[BlackElo "2298"]

1.d4 d5 2.c4 dxc4 3.e4 c5 4.d5 Nf6 5.Nc3 b5 6.e5 b4 7.Nb5 a6 8.Bxc4 axb5
9.Bxb5+ Bd7 10.Bc4 Ng4 11.e6 Bxe6 12.dxe6 Qxd1+ 13.Kxd1 Nxf2+ 14.Ke2 Nxh1
15.Bf4 fxe6 16.Nf3 g5 17.Nxg5 Bh6 18.Bb5+ Nd7 19.Rxh1 O-O 20.g3 Bxg5 21.Bxg5 Ne5
22.Bxe7 Rfb8 23.Bd6 Rxb5 24.Bxe5 c4 25.Bf6 Rxa2 26.Ke3 Kf7 27.Rf1 Rf5  0-1

[Event "34th Olympiad"]
[Site "Istanbul TUR"]
[Date "2000.11.07"]
[Round "10"]
[White "Zaja,I"]
[Black "Soppe,G"]
[Result "0-1"]
[WhiteElo "2513"]
[BlackElo "2471"]

1.d4 d5 2.c4 dxc4 3.e4 e5 4.Nf3 exd4 5.Bxc4 Nc6 6.O-O Be6 7.Bxe6 fxe6 8.Qb3 Qd7
9.Qxb7 Rb8 10.Qa6 Nf6 11.Nbd2 Bd6 12.Re1 Ng4 13.h3 Nge5 14.Nxe5 Nxe5 15.Nb3 O-O
16.f4 Ng6 17.e5 Bb4 18.Re4 Qd5 19.Qd3 c5 20.a3 c4 21.Rxd4 cxd3 22.Rxd5 exd5
23.axb4 Nxf4 24.Bd2 Rbe8 25.Rxa7 Rxe5 26.b5 d4 27.Rb7 Re2 28.Bb4 Rxb2  0-1

[Event "34th Olympiad"]
[Site "Istanbul TUR"]
[Date "2000.11.08"]
[Round "11"]
[White "Sakalauskas,V"]
[Black "Dukaczewski,P"]
[Result "0-1"]
[WhiteElo "2420"]
[BlackElo "2292"]

1.d4 d5 2.c4 dxc4 3.e4 c5 4.d5 e6 5.Bxc4 Nf6 6.Nc3 exd5 7.Nxd5 Nxd5 8.Bxd5 Be7
9.Nf3 O-O 10.O-O Qb6 11.Ne5 Be6 12.Nc4 Qc7 13.Qb3 Nc6 14.Be3 Rab8 15.Bxe6 fxe6
16.Nd2 Rf6 17.f4 b5 18.e5 c4 19.Qd1 Rf5 20.Ne4 Rd8 21.Qe2 Nb4 22.a4 bxa4
23.Ng3 Rf7 24.Rxa4 a6 25.Kh1 Qc6 26.Raa1 Nd3 27.Rab1 Bb4 28.Qg4 a5 29.h3 Kh8
30.Kh2 g6 31.h4 Rg7 32.Qf3 Qxf3 33.Rxf3 Ra7 34.Ne2 Be7 35.Bd4 Bxh4 36.Ra1 Rd5
37.Bc3 Bd8  0-1

[Event "Chigorin Mem"]
[Site "St Petersburg RUS"]
[Date "2000.11.08"]
[Round "7"]
[White "Neverov,V"]
[Black "Deviatkin,A"]
[Result "1-0"]
[WhiteElo "2547"]
[BlackElo "2394"]

1.d4 d5 2.c4 dxc4 3.e4 Nf6 4.e5 Nd5 5.Bxc4 Nb6 6.Bd3 Nc6 7.Ne2 Nb4 8.Be4 c5
9.O-O e6 10.Nbc3 N4d5 11.Nf4 Nxf4 12.Bxf4 cxd4 13.Nb5 a6 14.Nxd4 Nd5 15.Bd2 g6
16.Nf3 Bg7 17.Qb3 O-O 18.Rfd1 b5 19.Bb4 Re8 20.Bxd5 exd5 21.Rxd5 Qc7 22.Bd6 Qb7
23.Rc5 Be6 24.Qe3 Rac8 25.b4 Bd5 26.a3 Rcd8 27.Rc7 Qa8 28.Ra7 Qc8 29.Rc1 Qg4
30.Rxa6 Bh6 31.Qxh6 Bxf3 32.Qh3 Qxh3 33.gxh3 f6 34.Rc3 Bb7 35.Rb6 Bd5 36.f4 fxe5
37.fxe5 Bc4 38.a4 Ra8 39.axb5 Ra1+ 40.Kf2 Bd5 41.Ra6 Rh1 42.Ke3 Rxh2 43.Kd4  1-0

[Event "Chigorin Mem"]
[Site "St Petersburg RUS"]
[Date "2000.11.09"]
[Round "8"]
[White "Ustinov,M"]
[Black "Mirovshchikov,S"]
[Result "1-0"]
[WhiteElo "2172"]
[BlackElo "2375"]

1.d4 d5 2.c4 dxc4 3.e4 c5 4.d5 e6 5.Bxc4 Nf6 6.Nc3 exd5 7.exd5 a6 8.a4 Bd6
9.Nge2 Nbd7 10.O-O O-O 11.Ng3 Ne5 12.Ba2 Ng6 13.Bg5 b6 14.Nge4 Be5 15.Qf3 h6
16.Nxf6+ Bxf6 17.Bxf6 Qxf6 18.Qxf6 gxf6 19.d6 Be6 20.Nd5 Bxd5 21.Bxd5 Rab8
22.f4 Rfd8 23.Rad1 Kg7 24.Bc6 f5 25.g3 Nf8 26.d7 Ne6 27.Rd6 Kf8 28.Re1 Ke7
29.Rd5 Kf6 30.Ree5 Nd4 31.Rd6+ Ne6 32.Rdd5 Nd4 33.Rd6+ Ne6 34.Kf2 Ke7 35.Rd1 Kf6
36.Rdd5 Nd4 37.Rd6+ Kg7 38.Bd5 Kf8 39.Rxh6 Kg7 40.Rd6 Kf8 41.h4 a5 42.h5 b5
43.h6 bxa4 44.h7 Kg7 45.Re7 Rxb2+ 46.Kf1 Rbb8 47.Rxf7+ Kh8 48.Rg6 a3 49.Re7  1-0

[Event "Chigorin Mem"]
[Site "St Petersburg RUS"]
[Date "2000.11.09"]
[Round "8"]
[White "Sergienko,S"]
[Black "Vaulin,A"]
[Result "0-1"]
[WhiteElo "2419"]
[BlackElo "2552"]

1.d4 d5 2.c4 dxc4 3.e4 Nc6 4.Be3 Nf6 5.Nc3 e5 6.d5 Na5 7.Nf3 Bd6 8.Nd2 Ng4
9.Qa4+ c6 10.dxc6 O-O 11.Nxc4 Nxc4 12.Bxc4 Nxe3 13.fxe3 Qh4+ 14.g3 Qh6 15.O-O-O Bc5
16.c7 Bg4 17.Rd3 Rac8 18.Kb1 Rxc7 19.Nd5 Rcc8 20.Rc1 Bf3 21.Bb3 b5 22.Qxb5 Bxe4
23.Bc2 Bxd5 24.Rxd5 Bxe3 25.Rcd1 Qxh2 26.Qd3 Bd4 27.g4 g6 28.Qe4 Rc7  0-1

[Event "34th Olympiad"]
[Site "Istanbul TUR"]
[Date "2000.11.10"]
[Round "13"]
[White "Hsu Li Yang"]
[Black "Estrada Nieto,J"]
[Result "1/2-1/2"]
[WhiteElo "2440"]
[BlackElo "2397"]

1.d4 d5 2.c4 dxc4 3.e4 e5 4.Nf3 exd4 5.Bxc4 Nc6 6.O-O Be6 7.Bxe6 fxe6 8.Qb3 Qd7
9.Bf4 O-O-O 10.Nbd2 Nge7 11.Nc4 Ng6 12.Bg3 h5 13.h4 Be7  1/2-1/2

[Event "34th Olympiad"]
[Site "Istanbul TUR"]
[Date "2000.11.10"]
[Round "13"]
[White "Dao Thien Hai"]
[Black "Hatanbaatar,B"]
[Result "1-0"]
[WhiteElo "2555"]
[BlackElo "2507"]

1.d4 d5 2.c4 dxc4 3.e4 Nf6 4.e5 Nd5 5.Bxc4 Nc6 6.Ne2 Nb6 7.Bb3 Bf5 8.Nbc3 e6
9.O-O Qd7 10.Be3 O-O-O 11.a3 Kb8 12.Ba2 Ne7 13.f3 f6 14.Bf2 Nc6 15.exf6 gxf6
16.Ne4 Be7 17.b4 Bxe4 18.fxe4 f5 19.exf5 exf5 20.b5 Na5 21.Qd3 Nd5 22.Be1 b6
23.Rxf5 Nf6 24.Bg3 Nb7 25.Raf1 Rhf8 26.Be5 Ng4 27.Rxf8 Bxf8 28.Bg3 Bd6 29.Rf7 Qe8
30.Rxh7 Nf6 31.Rf7 Bxg3 32.Nxg3 Qe1+ 33.Nf1 Ne4 34.Qe3 Qa1 35.Qxe4 Nd6 36.Qh4 Nxf7
37.Bxf7 Rf8 38.Bc4 Qxa3 39.Qe4 Qb4 40.Be2 Rd8 41.h4 Qxd4+ 42.Qxd4 Rxd4 43.h5 Kc8
44.Kf2 Kd7 45.g4 Ke6 46.Ng3 Kf6 47.Ke3 Ra4 48.Ne4+ Ke5 49.Bd3 Ra1 50.g5 Rh1
51.Be2 Rh4 52.Bf3 Ke6 53.g6 Ke7 54.Kf2 Rf4 55.Kg3 Rf5 56.h6  1-0

[Event "Chigorin Mem"]
[Site "St Petersburg RUS"]
[Date "2000.11.10"]
[Round "9"]
[White "Solozhenkin,E"]
[Black "Stjazhkina,O"]
[Result "1-0"]
[WhiteElo "2504"]
[BlackElo "2337"]

1.d4 d5 2.c4 dxc4 3.e4 Nf6 4.e5 Nd5 5.Bxc4 Nb6 6.Bb3 Nc6 7.Ne2 Bf5 8.Nbc3 e6
9.a3 Qd7 10.Be3 O-O-O 11.Rc1 f6 12.exf6 gxf6 13.O-O h5 14.Ng3 Bg4 15.f3 h4
16.Nge4 Bf5 17.Nxf6 Qg7 18.Nfe4 Nxd4 19.Bxd4 Rxd4 20.Qc2 Bc5 21.Kh1 Rhd8
22.Nb5 Rd2 23.Ned6+ R2xd6 24.Qxc5 R6d7 25.Rfd1 Rxd1+ 26.Rxd1 Rxd1+ 27.Bxd1 Kb8
28.Nd4 Qf6 29.Bb3 a6 30.Kg1 Qh6 31.Qc3 c6 32.Kf2 Nd5 33.Bxd5 cxd5 34.Nxf5 exf5
35.Qe5+ Ka7 36.Qe3+ Qb6 37.Qxb6+ Kxb6 38.Ke3 Kc5 39.g4 fxg4 40.fxg4 h3 41.Kf4 a5
42.Ke5 d4 43.Ke4 Kc4 44.g5 d3 45.Ke3  1-0

[Event "TCh-FIN 00-01"]
[Site "FIN"]
[Date "2000.11.19"]
[Round "5"]
[White "Sorsa,M"]
[Black "Sisatto,O"]
[Result "0-1"]
[WhiteElo "2113"]
[BlackElo "2205"]

1.d4 d5 2.c4 dxc4 3.e4 c5 4.d5 Nf6 5.Nc3 b5 6.e5 b4 7.exf6 bxc3 8.bxc3 Qa5
9.Qf3 exf6 10.Qe3+ Kd8 11.Bxc4 Bd6 12.Ne2 Re8 13.Qd2 Nd7 14.O-O Ne5 15.Bb3 Ba6
16.f4 Nd3 17.Bd1 Rb8 18.Rf3 c4 19.Nd4 Qxd5 20.Rxd3 cxd3 21.Bf3 Qc5 22.a4 Rb3
23.Bb2 Rxb2 24.Qxb2 Bxf4 25.Kh1 d2 26.Rg1 Re1 27.h3 Kc7 28.Qb3 Qe7 29.Nc2 Rxg1+
30.Kxg1 Qe1+  0-1

[Event "Mitropa Team Cup"]
[Site "Charleville FRA"]
[Date "2000.12.01"]
[Round "7"]
[White "Balogh,T"]
[Black "Grund,H"]
[Result "1/2-1/2"]
[WhiteElo "2421"]
[BlackElo "2475"]

1.d4 d5 2.c4 dxc4 3.e4 Nc6 4.Be3 Nf6 5.f3 e5 6.d5 Nd4 7.Bxd4 exd4 8.Qxd4 c6
9.Nc3 cxd5 10.O-O-O Bb4 11.Bxc4 Bxc3 12.bxc3 O-O 13.exd5 b5 14.Bb3 Qd6 15.Ne2 Qa3+
16.Kb1 a5 17.Ng3 a4 18.Bc2 Rd8 19.Qb4 Qxb4+ 20.cxb4 Nxd5 21.Rxd5 Rxd5 22.Be4 Bb7
23.Bxd5 Bxd5 24.a3 g6 25.Rd1 Be6 26.Kb2 f5 27.Ne2 Bc4 28.Nc3 Ra7 29.Rd6 Re7
30.Rb6 f4 31.Nxb5 Bf1 32.Nd4 Bxg2 33.Rc6 g5 34.Rc2 Bf1 35.Rc1 Bh3 36.b5 Kf7
37.Rc5 Kg6 38.b6 Rb7 39.Rb5 Bd7 40.Rb4 h5 41.Kc3 g4 42.Ne2 gxf3 43.Nxf4+ Kg5
44.Kd3 Bc6 45.Ke3 Re7+ 46.Kf2 Kf5 47.Nd3 Re2+ 48.Kf1 Ra2 49.b7 Bxb7 50.Rxb7 Rxa3
51.Rf7+  1/2-1/2

[Event "TCh-SVK"]
[Site "SVK"]
[Date "2000.12.17"]
[Round "6"]
[White "Rachela,M"]
[Black "Lanc,A"]
[Result "0-1"]
[WhiteElo "2265"]
[BlackElo "2392"]

1.d4 d5 2.c4 dxc4 3.e4 Nf6 4.e5 Nd5 5.Bxc4 Nb6 6.Bb3 Bf5 7.Ne2 e6 8.O-O Nc6
9.a3 Qd7 10.Nbc3 Ne7 11.Bg5 Ned5 12.Nxd5 Nxd5 13.Nc3 Nxc3 14.bxc3 h6 15.Be3 Be7
16.d5 exd5 17.Bxd5 c6 18.Bf3 Qe6 19.Re1 O-O 20.Qa4 Rfd8 21.Bd4 Rd7 22.Bd1 Qg6
23.Re3 b5 24.Qa5 Qe6 25.Bf3 Rb8 26.Ree1 c5 27.Be3 Bd8  0-1

[Event "Troll Masters"]
[Site "Gausdal NOR"]
[Date "2001.01.06"]
[Round "2"]
[White "Elsness,F"]
[Black "Rasmussen,C"]
[Result "1/2-1/2"]
[WhiteElo "2411"]
[BlackElo "2303"]

1.d4 d5 2.c4 dxc4 3.e4 e5 4.Nf3 exd4 5.Bxc4 Nc6 6.O-O Be6 7.Bxe6 fxe6 8.Qb3 Qd7
9.Qxb7 Rb8 10.Qa6 Nf6 11.Nbd2 Bd6 12.Qd3 O-O 13.h3 e5 14.Nc4 Nh5 15.a3 Nf4
16.Bxf4 Rxf4 17.Rac1 Kh8 18.Rc2 Re8 19.Rfc1 Nd8 20.Qe2 Nf7 21.Ne1 Ng5 22.f3 Rf6
23.Nd3 Qb5 24.Kh2 h6 25.Kh1 Ne6 26.Qe1 Nf4 27.Nxf4 Rxf4 28.b4 Re6 29.Qe2 Qa4
30.Qd3 Rf7 31.Nb2 Qd7 32.b5 Qe7 33.Rc6 Rg6 34.R1c2 Qh4 35.Qe2 Rg3  1/2-1/2

[Event "ch-POL Boys U16"]
[Site "Zakopane POL"]
[Date "2001.01.22"]
[Round "7"]
[White "Szromba,K"]
[Black "Barglowski,F"]
[Result "0-1"]
[WhiteElo "2031"]
[BlackElo "2141"]

1.d4 d5 2.c4 dxc4 3.e4 e5 4.Nf3 exd4 5.Bxc4 Bb4+ 6.Bd2 Bxd2+ 7.Qxd2 c5 8.b4 Nc6
9.bxc5 Nge7 10.Ng5 O-O 11.Qf4 Be6 12.Nxe6 fxe6 13.Bxe6+ Kh8 14.Qd2 Ng6 15.O-O Qe7
16.Bd5 Qxc5 17.Rc1 Qd6 18.Bxc6 bxc6 19.Qg5 Nf4 20.Rd1 Ne2+ 21.Kf1 d3 22.Qe3 Qxh2
23.Qxd3 Nf4  0-1

[Event "Open"]
[Site "Ubeda ESP"]
[Date "2001.01.23"]
[Round "3"]
[White "Golod,V"]
[Black "Jonkman,H"]
[Result "1-0"]
[WhiteElo "2591"]
[BlackElo "2383"]

1.d4 d5 2.c4 dxc4 3.e4 Nf6 4.e5 Nd5 5.Bxc4 Nb6 6.Bd3 Nc6 7.Ne2 Bg4 8.f3 Be6
9.Nbc3 g6 10.Be4 Bc4 11.Be3 Bg7 12.b3 Bxe2 13.Bxc6+ bxc6 14.Qxe2 O-O 15.O-O a5
16.Ne4 Nd5 17.Nc5 Qb8 18.Rfc1 Qb5 19.Rc4 Rfd8 20.Rac1 Nb4 21.h4 Nd5 22.Kf2 Rab8
23.h5 Ra8 24.hxg6 hxg6 25.Bd2 Qb8 26.Qe4 Qc8 27.Rh1 Qf5 28.Qh4 Qh5 29.Qxh5 gxh5
30.Be3 Nb6 31.Rc2 a4 32.b4 a3 33.Rxh5 Nd5 34.Bd2 Rdb8 35.Rc4 Ra7 36.Rh4 Nb6
37.Rc1 Rd8 38.Rg4 Kf8 39.Rh1 Na4 40.Rh7 Nxc5 41.Rhxg7  1-0

[Event "FSGM February"]
[Site "Budapest HUN"]
[Date "2001.02.03"]
[Round "1"]
[White "Kallio,H"]
[Black "Estrada Nieto,J"]
[Result "1-0"]
[WhiteElo "2431"]
[BlackElo "2372"]

1.d4 d5 2.c4 dxc4 3.e4 e5 4.d5 Nf6 5.Nc3 c6 6.Nf3 cxd5 7.exd5 Bd6 8.Bxc4 O-O
9.Bg5 h6 10.Bh4 a6 11.O-O Bf5 12.Bd3 Bxd3 13.Qxd3 g5 14.Nxg5 hxg5 15.Bxg5 Nbd7
16.Qg3 Nh5 17.Qg4 f5 18.Qxh5 Qe8 19.Qh6 Bc5 20.Rad1 e4 21.Ne2 Qe5 22.Nf4 Rf7
23.Ne6 Rh7 24.Qg6+ Kh8 25.Bf4 Qxb2 26.Ng5 Rg7 27.Qh6+ Kg8 28.Qe6+ Kh8 29.Nf7+ Kh7
30.Qxf5+ Kg8 31.Ne5 Nf8 32.Ng4  1-0

[Event "TCh-FRA"]
[Site "Monaco FRA"]
[Date "2001.02.04"]
[Round "3"]
[White "Bacrot,E"]
[Black "Mellado Trivino,J"]
[Result "1-0"]
[WhiteElo "2618"]
[BlackElo "2460"]

1.d4 d5 2.c4 dxc4 3.e4 Nf6 4.e5 Nd5 5.Bxc4 Nb6 6.Bd3 Nc6 7.Be3 Be6 8.Nc3 Bc4
9.Bxc4 Nxc4 10.Qb3 N4a5 11.Qa4 e6 12.O-O-O b5 13.Nxb5 Rb8 14.d5 exd5 15.Rxd5 Qe7
16.Bc5 Rxb5 17.Bxe7 Rxd5 18.Bxf8 Rxf8 19.Nf3 Rc5+ 20.Kb1 Rc4 21.Qa3 Rb4 22.Rc1 Kd7
23.e6+ Kc8 24.Ne5  1-0

[Event "FSGM February"]
[Site "Budapest HUN"]
[Date "2001.02.09"]
[Round "6"]
[White "Markus,R"]
[Black "Estrada Nieto,J"]
[Result "1/2-1/2"]
[WhiteElo "2452"]
[BlackElo "2372"]

1.d4 d5 2.c4 dxc4 3.e4 e5 4.Nf3 exd4 5.Bxc4 Nc6 6.O-O a6 7.Nbd2 Bc5 8.Qc2 Bb6
9.Nb3 Bg4 10.Ng5 Ne5 11.Bf4 Nxc4 12.Qxc4 Qf6 13.f3 Bd7 14.Qc1 h6 15.e5 Qg6
16.Ne4 Ne7 17.e6 Bc6 18.exf7+ Qxf7 19.Bd6 O-O 20.Bc5 Rfd8 21.Bxb6 cxb6 22.Qd2 a5
23.Qf2 Bxe4 24.fxe4 Qxf2+ 25.Rxf2 Nc6 26.Rd1 Rd6 27.Rf5 a4 28.Nd2 Ra5 29.Nc4 Rxf5
30.exf5 Rd5 31.Nxb6 Rxf5 32.Nxa4 Ra5 33.b3 b5 34.Rc1 Ra6 35.Nc5 Rxa2 36.Ne4 Ne5
37.Rd1 Ng4 38.h3 Re2 39.Nd6 Ne3 40.Rxd4 Rxg2+ 41.Kh1 Rg3 42.Rd3 b4 43.Nc4 Nf5
44.Rxg3 Nxg3+ 45.Kg2 Ne2 46.Ne5 Nd4 47.Nd3 Nxb3 48.Nxb4 Kf7 49.Nd3 Nd4 50.Kg3 Kf6
51.Nc5 Kf5 52.Nb7 Ne2+ 53.Kf3 Nd4+ 54.Kg3 Ke5 55.Nc5 Kf5 56.Nb7 Nb5 57.Na5 Nc3
58.Nc4 Ne4+ 59.Kf3 Nf6 60.Nd6+ Ke6 61.Nc4 g5 62.Ne3 h5 63.Nc4 Nd7 64.Ne3 Nb6
65.Ke4 Nd7 66.Kf3 Nf6 67.Nc4 Nd5 68.Nd2 Kf5 69.Nc4 Nf6 70.Ne3+ Ke5 71.h4 gxh4
72.Nc4+ Kf5 73.Ne3+ Ke5 74.Nc4+  1/2-1/2

[Event "TCh-SVK"]
[Site "SVK"]
[Date "2001.02.11"]
[Round "9"]
[White "Balogh,T"]
[Black "Motuz,K"]
[Result "0-1"]
[WhiteElo "2421"]
[BlackElo "2284"]

1.d4 d5 2.c4 dxc4 3.e4 Nf6 4.e5 Nd5 5.Bxc4 Nb6 6.Bb3 Nc6 7.Ne2 Bf5 8.Nbc3 e6
9.Be3 Be7 10.O-O O-O 11.Ng3 Bg6 12.f4 Na5 13.Kh1 Nxb3 14.axb3 Nd5 15.Qf3 c6
16.f5 Bxf5 17.Nxf5 exf5 18.Nxd5 Qxd5 19.Qxd5 cxd5 20.Rxf5 a6 21.Rff1 Rfc8
22.Ra5 Rd8 23.Rc1 Rd7 24.Kg1 Re8 25.Bf4 Bd8 26.Rc8 h6 27.Rac5 Kh7 28.Rb8 Re6
29.Rcc8 Bb6 30.Be3 Kg6 31.Kf2 f6 32.Re8 Rxe8 33.Rxe8 Kf7 34.Rc8 fxe5 35.dxe5 d4
36.Bd2 d3+ 37.Kf3 Bd4 38.Ke4 Bxb2 39.Kf5 g6+ 40.Ke4 h5 41.Rh8 Rd4+ 42.Ke3 Ke6
43.Re8+ Kf5 44.e6 Re4+ 45.Kxd3 Rxe6 46.Rxe6 Kxe6 47.Ke4 Be5 48.h3 Bg3 49.Kf3 Bc7
50.Ke4 a5 51.Kd4 Kd6 52.g4 hxg4 53.hxg4 Kc6 54.Bg5 b5 55.Bf6 Bd6 56.g5 a4
57.bxa4 bxa4 58.Kc4 Kd7 59.Kb5 Be7  0-1

[Event "5th United Insurance"]
[Site "Dhaka BAN"]
[Date "2001.03.04"]
[Round "13"]
[White "Rausis,I"]
[Black "Volzhin,A"]
[Result "1/2-1/2"]
[WhiteElo "2525"]
[BlackElo "2539"]

1.d4 d5 2.c4 dxc4 3.e4 Nf6 4.e5 Nd5 5.Bxc4 Nb6 6.Bd3 Nc6 7.Be3 Nb4 8.Be4 f5
9.exf6 exf6 10.Nc3 f5 11.Bf3 c6 12.Nh3 N6d5 13.O-O Be7 14.Nxd5 Nxd5 15.Qb3 Nxe3
16.fxe3 Qb6 17.Qc4 Bd7 18.a3 O-O-O 19.Nf4 Kb8 20.Ne6 Bxe6 21.Qxe6 Bg5 22.Qe5+ Qc7
23.Qxc7+ Kxc7 24.Kf2 f4  1/2-1/2

[Event "Linklater Mem"]
[Site "San Francisco USA"]
[Date "2001.03.06"]
[Round "9"]
[White "Krechetov,A"]
[Black "Baburin,A"]
[Result "1-0"]
[WhiteElo "2300"]
[BlackElo "2598"]

1.d4 d5 2.c4 dxc4 3.e4 Nc6 4.d5 Ne5 5.Qd4 Ng6 6.Nf3 e5 7.Qxc4 a6 8.Be3 Bd6
9.Nbd2 N8e7 10.Rd1 O-O 11.Qc2 f5 12.Bd3 f4 13.Bc5 Kh8 14.O-O Ng8 15.Rc1 Nh4
16.Bxd6 Nxf3+ 17.Nxf3 cxd6 18.Qc7 Qf6 19.Kh1 Ne7 20.Nd2 f3 21.Nxf3 Ng6 22.Ne1 Bg4
23.Qb6 Rac8 24.Rc3 Rxc3 25.bxc3 Nf4 26.f3 Bc8 27.c4 h5 28.c5 dxc5 29.Qxc5 h4
30.Qc3 Bd7 31.Rg1 Rc8 32.Qd2 Kg8 33.Bf1 Nh5 34.g3 hxg3 35.hxg3 Kf7 36.Kg2 Qg6
37.Kf2 Qb6+ 38.Qe3 Qb2+ 39.Qe2 Qa1 40.Qd2 Nf6 41.Be2 Rc1 42.Nc2 Rxc2 43.Qxc2 Qd4+
44.Kg2 Bh3+ 45.Kh1 Qf2 46.Bd1  1-0

[Event "17th Spring Festival"]
[Site "Budapest HUN"]
[Date "2001.03.18"]
[Round "3"]
[White "Mikrut,D"]
[Black "Karolyi,T"]
[Result "0-1"]
[WhiteElo "2300"]
[BlackElo "2435"]

1.d4 d5 2.c4 dxc4 3.e4 e5 4.Nf3 exd4 5.Bxc4 Nc6 6.O-O a6 7.Qe1 Qd7 8.Bd2 Bc5
9.e5 Nd8 10.Bb4 Bxb4 11.Qxb4 Nc6 12.Qd2 Nge7 13.Re1 Qg4 14.Na3 O-O 15.Rad1 Be6
16.Bxe6 fxe6 17.Qg5 Qf5 18.Qxf5 Nxf5 19.Nc2 Rad8 20.Rd3 Rd5 21.h3 h5 22.Re2 Rfd8
23.Re4 Rb5 24.b3 Ra5 25.a3 Rc5 26.Re2 Rc3 27.Red2 Rd5 28.Kh2 Nxe5 29.Nxe5 Rxe5
30.g4 hxg4 31.hxg4 Nd6 32.Rxd4  0-1

[Event "Open"]
[Site "Bad Woerishofen GER"]
[Date "2001.03.22"]
[Round "8"]
[White "Pelletier,Y"]
[Black "Krizsany,L"]
[Result "1/2-1/2"]
[WhiteElo "2548"]
[BlackElo "2455"]

1.d4 d5 2.c4 dxc4 3.e4 c5 4.d5 e6 5.Nc3 Nf6 6.Bxc4 exd5 7.Nxd5 Nxd5 8.Bxd5 Be7
9.Ne2 O-O 10.O-O Nd7 11.Nc3 Nb6 12.Bf4 Nxd5 13.Nxd5 Bd6 14.e5 Bc7 15.e6 Bxf4
16.e7 Bxh2+ 17.Kh1 Qd6 18.exf8=Q+ Kxf8 19.Qh5 Be6 20.Rad1 Be5 21.Nc3 Bd4
22.Nb5 Qe5 23.Qxh7 Rd8 24.Nxd4 cxd4 25.Rfe1 Qf6 26.Rd3 g6 27.Rf3 Bf5 28.Kg1 d3
29.Qh6+ Qg7 30.Qxg7+ Kxg7 31.Rd1 Rc8 32.Rd2 Rc1+ 33.Kh2 Rc4 34.Re3 Kf6 35.f3 g5
36.g4 Bg6 37.Re8 Rc2 38.Rxc2 dxc2 39.Rc8 Ke5 40.Kg3 Kd4 41.Kf2 Bd3 42.Rd8+ Ke5
43.Re8+ Kd4 44.Rd8+ Ke5 45.Re8+ Kd4  1/2-1/2

[Event "Tch-NED"]
[Site "NED"]
[Date "2001.03.25"]
[Round "8"]
[White "Blees,A"]
[Black "Van der Linden,L"]
[Result "1-0"]
[WhiteElo "2392"]
[BlackElo "2230"]

1.d4 d5 2.c4 dxc4 3.e4 Nc6 4.Nf3 Bg4 5.Be3 Bxf3 6.gxf3 e6 7.Bxc4 Qf6 8.Bb5 Ne7
9.Nd2 a6 10.Qa4 O-O-O 11.Bxa6 Nxd4 12.Rc1 e5 13.Bxd4 exd4 14.Qa5 Qf4 15.Bb5 c6
16.Bf1 g6 17.Bh3+ f5 18.O-O Qc7 19.Qa8+ Qb8 20.Qa4 Qc7 21.Nc4 Kb8 22.Rfd1 Bh6
23.Rc2 Rhf8 24.Rd3 b5 25.Qb4 Kc8 26.Na5 Rd6 27.a4 bxa4 28.Nc4 Re6 29.Qxa4 Bg7
30.Rb3 Kd7 31.Rb6 Rb8 32.Qb3 Rxb6 33.Nxb6+ Kd6 34.Nc4+ Kd7 35.Nb6+ Kd6 36.Qb4+ c5
37.Nc4+ Kd7 38.Qb5+ Qc6 39.Qb8 Qc7 40.Qa8 Be5 41.b4 d3 42.Rd2 cxb4 43.Rxd3+ Bd6
44.Qa4+ Qc6 45.Qxb4 Nc8 46.e5 Qxf3 47.Nxd6  1-0

[Event "Target Recruitment Masters"]
[Site "Belfast IRL"]
[Date "2001.04.01"]
[Round "5"]
[White "Allen,K"]
[Black "Baburin,A"]
[Result "0-1"]
[WhiteElo "2278"]
[BlackElo "2598"]

1.d4 d5 2.c4 dxc4 3.e4 Nc6 4.Be3 Nf6 5.f3 e5 6.d5 Nd4 7.Bxc4 Bc5 8.Bf2 c6
9.dxc6 Qb6 10.Qd2 O-O 11.Nc3 Nxc6 12.Bd5 Nb4 13.Rd1 Nfxd5 14.Bxc5 Qxc5 15.Nxd5 Nc2+
16.Kf1 Be6 17.Qc3 Qxc3 18.bxc3 Bxd5  0-1

[Event "Israel Open Ch"]
[Site "Tel Aviv ISR"]
[Date "2001.04.11"]
[Round "3"]
[White "Postny,E"]
[Black "Van den Doel,E"]
[Result "1/2-1/2"]
[WhiteElo "2432"]
[BlackElo "2574"]

1.d4 d5 2.c4 dxc4 3.e4 Nf6 4.e5 Nd5 5.Bxc4 Nb6 6.Bd3 Nc6 7.Ne2 Bg4 8.f3 Be6
9.Nbc3 Bd5 10.a3 e6 11.O-O Be7 12.b4 Bc4 13.Bxc4 Nxc4 14.Qb3 Nb6 15.Rd1 O-O
16.d5 exd5 17.Nxd5 Nxd5 18.Rxd5 Qe8 19.Bb2 Rd8 20.Rad1 Rxd5 21.Rxd5 Qc8 22.f4 Qf5
23.Qd3 Qxd3 24.Rxd3 Rd8 25.Rxd8+ Bxd8 26.f5 Bg5 27.Kf2 f6 28.exf6 gxf6 29.Ng3 Bh4
30.Kf3 Bxg3 31.Kxg3 Kf7 32.Kf4 Ne7 33.Bd4 a6 34.g4 Nd5+ 35.Ke4 c6 36.h4 h6
37.Bb2 Nb6 38.Bc1 Kg7 39.Bb2 Kf7 40.Kd4 Nd7 41.Bc1 Kg7 42.Bf4 b5 43.Bg3  1/2-1/2

[Event "Israel Open Ch"]
[Site "Tel Aviv ISR"]
[Date "2001.04.17"]
[Round "9"]
[White "Postny,E"]
[Black "Mikhalevski,V"]
[Result "1-0"]
[WhiteElo "2432"]
[BlackElo "2523"]

1.d4 d5 2.c4 dxc4 3.e4 e5 4.Nf3 exd4 5.Bxc4 Nc6 6.O-O Be6 7.Bxe6 fxe6 8.Qb3 Qd7
9.Qxb7 Rb8 10.Qa6 Nf6 11.Nbd2 Bd6 12.b3 O-O 13.Bb2 Rb6 14.Qd3 Nh5 15.Nc4 Nf4
16.Nxb6 axb6 17.Qd1 e5 18.Ne1 Rf6 19.Bc1 d3 20.Nxd3 Nxg2 21.Kxg2 Rg6+ 22.Kh1 Qh3
23.Rg1 Rxg1+ 24.Kxg1 Nd4 25.Ne1 Bb4 26.Be3 Bxe1 27.Bxd4 exd4 28.Qxe1 Qg4+
29.Kf1 Qf3 30.Qd1 Qh1+ 31.Ke2 Qxe4+ 32.Kd2 Qf4+ 33.Kd3 Qf5+ 34.Kxd4 Qxf2+
35.Kd3 Qf5+ 36.Kc3 Qc5+ 37.Kb2 Qe5+ 38.Kb1 Qe4+ 39.Qc2 Qe1+ 40.Kb2 Qe5+ 41.Qc3 Qe2+
42.Kc1 Qf1+ 43.Kc2 Qf2+ 44.Qd2 Qc5+ 45.Kb2 Qe5+ 46.Kb1 Qf5+ 47.Qc2 Qf1+ 48.Kb2 Qf6+
49.Qc3 Qf2+ 50.Ka3 Qxh2 51.Rd1 h5 52.Rd7 Qg2 53.Rxc7 Qa8+ 54.Kb2 Qg2+ 55.Qc2 Qg5
56.Rc8+ Kf7 57.Qc4+ Kg6 58.Qe6+ Kh7 59.Qg8+  1-0